<?xml version="1.0" encoding="UTF-8"?>
<record
    xmlns:xsi="http://www.w3.org/2001/XMLSchema-instance"
    xsi:schemaLocation="http://www.loc.gov/MARC21/slim http://www.loc.gov/standards/marcxml/schema/MARC21slim.xsd"
    xmlns="http://www.loc.gov/MARC21/slim">

  <leader>00792nam a2200265 a 4500</leader>
  <controlfield tag="001">34924</controlfield>
  <controlfield tag="003">BD-RjUL</controlfield>
  <controlfield tag="005">20211209052231.0</controlfield>
  <controlfield tag="008">140520s1995    enk      b    001 0 eng d</controlfield>
  <datafield tag="020" ind1=" " ind2=" ">
    <subfield code="a">1853832790 (hbk)</subfield>
  </datafield>
  <datafield tag="020" ind1=" " ind2=" ">
    <subfield code="a">1853832332 (pbk) :</subfield>
  </datafield>
  <datafield tag="035" ind1=" " ind2=" ">
    <subfield code="a">(BD-RjUL)35018</subfield>
  </datafield>
  <datafield tag="040" ind1=" " ind2=" ">
    <subfield code="a">BNB</subfield>
    <subfield code="b">eng</subfield>
    <subfield code="c">BNB</subfield>
    <subfield code="d">BNB</subfield>
    <subfield code="d">BD-RjUL</subfield>
  </datafield>
  <datafield tag="041" ind1=" " ind2=" ">
    <subfield code="a">eng</subfield>
  </datafield>
  <datafield tag="082" ind1="0" ind2="0">
    <subfield code="a">304.6</subfield>
    <subfield code="2">20</subfield>
    <subfield code="b">STP 1995</subfield>
  </datafield>
  <datafield tag="100" ind1="1" ind2=" ">
    <subfield code="a">Stein, Dorothy.</subfield>
    <subfield code="9">6564</subfield>
  </datafield>
  <datafield tag="245" ind1="1" ind2="0">
    <subfield code="a">People who count :</subfield>
    <subfield code="b">population and politics, women and children /</subfield>
    <subfield code="c">Dorothy Stein.</subfield>
  </datafield>
  <datafield tag="260" ind1=" " ind2=" ">
    <subfield code="a">London :</subfield>
    <subfield code="b">Earthscan,</subfield>
    <subfield code="c">1995.</subfield>
  </datafield>
  <datafield tag="300" ind1=" " ind2=" ">
    <subfield code="a">ix, 238 p. ;</subfield>
    <subfield code="c">24 cm.</subfield>
  </datafield>
  <datafield tag="504" ind1=" " ind2=" ">
    <subfield code="a">Includes bibliographical references and index.</subfield>
  </datafield>
  <datafield tag="650" ind1=" " ind2="0">
    <subfield code="a">Population research.</subfield>
    <subfield code="9">4463</subfield>
  </datafield>
  <datafield tag="650" ind1=" " ind2="0">
    <subfield code="a">Population.</subfield>
    <subfield code="9">106312</subfield>
  </datafield>
  <datafield tag="942" ind1=" " ind2=" ">
    <subfield code="2">ddc</subfield>
    <subfield code="c">BK</subfield>
  </datafield>
  <datafield tag="999" ind1=" " ind2=" ">
    <subfield code="c">34924</subfield>
    <subfield code="d">34924</subfield>
  </datafield>
  <datafield tag="952" ind1=" " ind2=" ">
    <subfield code="0">0</subfield>
    <subfield code="1">0</subfield>
    <subfield code="2">ddc</subfield>
    <subfield code="4">0</subfield>
    <subfield code="7">0</subfield>
    <subfield code="8">NFIC</subfield>
    <subfield code="a">RUCL</subfield>
    <subfield code="b">RUCL</subfield>
    <subfield code="c">Stack</subfield>
    <subfield code="d">2006-05-20</subfield>
    <subfield code="e">Paragon Enterprise, Dhaka.</subfield>
    <subfield code="g">13.96</subfield>
    <subfield code="l">0</subfield>
    <subfield code="o">304.6 STP 1995</subfield>
    <subfield code="r">2014-05-20 00:00:00</subfield>
    <subfield code="t">C-2</subfield>
    <subfield code="w">2014-05-20</subfield>
    <subfield code="y">BK</subfield>
  </datafield>
  <datafield tag="952" ind1=" " ind2=" ">
    <subfield code="0">0</subfield>
    <subfield code="1">0</subfield>
    <subfield code="2">ddc</subfield>
    <subfield code="4">0</subfield>
    <subfield code="7">0</subfield>
    <subfield code="8">NFIC</subfield>
    <subfield code="a">RUCL</subfield>
    <subfield code="b">RUCL</subfield>
    <subfield code="c">Stack</subfield>
    <subfield code="d">2006-05-20</subfield>
    <subfield code="e">Paragon Enterprise, Dhaka.</subfield>
    <subfield code="g">13.96</subfield>
    <subfield code="l">0</subfield>
    <subfield code="o">304.6 STP 1995</subfield>
    <subfield code="r">2014-05-20 00:00:00</subfield>
    <subfield code="t">C-4</subfield>
    <subfield code="w">2014-05-20</subfield>
    <subfield code="y">BK</subfield>
  </datafield>
  <datafield tag="952" ind1=" " ind2=" ">
    <subfield code="0">0</subfield>
    <subfield code="1">0</subfield>
    <subfield code="2">ddc</subfield>
    <subfield code="4">0</subfield>
    <subfield code="7">1</subfield>
    <subfield code="8">NFIC</subfield>
    <subfield code="a">RUCL</subfield>
    <subfield code="b">RUCL</subfield>
    <subfield code="c">Reading</subfield>
    <subfield code="d">2006-05-20</subfield>
    <subfield code="e">Paragon Enterprise, Dhaka.</subfield>
    <subfield code="g">13.96</subfield>
    <subfield code="l">0</subfield>
    <subfield code="o">304.6 STP 1995</subfield>
    <subfield code="r">2015-05-03 00:00:00</subfield>
    <subfield code="t">C-1</subfield>
    <subfield code="w">2015-05-03</subfield>
    <subfield code="y">BK</subfield>
  </datafield>
  <datafield tag="952" ind1=" " ind2=" ">
    <subfield code="0">0</subfield>
    <subfield code="1">0</subfield>
    <subfield code="2">ddc</subfield>
    <subfield code="4">0</subfield>
    <subfield code="7">0</subfield>
    <subfield code="8">NFIC</subfield>
    <subfield code="a">RUCL</subfield>
    <subfield code="b">RUCL</subfield>
    <subfield code="c">Stack</subfield>
    <subfield code="d">2006-05-20</subfield>
    <subfield code="e">Paragon Enterprises Dhaka</subfield>
    <subfield code="g">13.95</subfield>
    <subfield code="l">0</subfield>
    <subfield code="o">304.6 STP 1995</subfield>
    <subfield code="r">2016-12-17 00:00:00</subfield>
    <subfield code="t">C-3</subfield>
    <subfield code="w">2016-12-17</subfield>
    <subfield code="y">BK</subfield>
  </datafield>
</record>
